000 00591nam a2200241Ia 4500
003 OSt
005 20220918192732.0
006 a|||||r|||| 00| 0
007 ta
008 220917b |||||||| |||| 00| 0 eng d
024 _a69,915
037 _cTextual
040 _aARTS
_cARTS
_beng
041 _2eng
_aeng
082 _aR17, J9
100 _aPopper K R
_976763
245 0 _aScientific method with exercises
260 _c1899
650 _aPHILOSOPHY
700 _a Rege P S
_979980
942 _hR17, J9
_cTEXL
_2CC
999 _c196044
_d196044